Naming Former Countries - Statistics

General Stats
  • This quiz has been taken 42 times
  • The average score is 4 of 10
Answer Stats
Hint Answer % Correct
Bordered West Germany East Germany
81%
Congrats You Did It! (Put Yay!) Yay!
58%
Former DRC Zaire
58%
Former Mongolia Mongol Empire
42%
Was Former UK British Empire
31%
Bordered France West Germany
31%
Now Called China Qing Dynasty
17%
Is Now Austria Austrian Empire
14%
Collapsed In The 1350s Roman Empire
14%
India's Former Empire Maurya Empire
6%
No matching quizzes found
Score Distribution
Percent of People with Each Score
Percentile by Number Answered
Your Score History
You have not taken this quiz